Catálogo público

Valoración genética de árboles progenitores de Cedrela odorata L. a través de la evaluación de sus progenies / (Record no. 220779)

MARC details
000 -CABECERA
campo de control de longitud fija 04245nam a2200325 a 4500
003 - IDENTIFICADOR DEL NÚMERO DE CONTROL
campo de control OSt
005 - FECHA Y HORA DE LA ÚLTIMA TRANSACCIÓN
campo de control 20250815112800.0
007 - CAMPO FIJO DE DESCRIPCIÓN FÍSICA--INFORMACIÓN GENERAL
campo de control de longitud fija cr ||||||a|a|a
008 - DATOS DE LONGITUD FIJA--INFORMACIÓN GENERAL
campo de control de longitud fija 250806s2025 mx a|||fom||| 001 0 spa d
040 ## - FUENTE DE LA CATALOGACIÓN
Normas de descripción rda
100 1# - ENTRADA PRINCIPAL--NOMBRE DE PERSONA
Nombre de persona Cruz López, Esteban
9 (RLIN) 190827
245 10 - MENCIÓN DE TÍTULO
Título Valoración genética de árboles progenitores de Cedrela odorata L. a través de la evaluación de sus progenies /
Mención de responsabilidad, etc. por Esteban Cruz López; director de tesis Cob Uicab José Vidal; secretario Xavier García Cuevas; vocal Refugio Ramón Rivera Leyva; suplente Jesús Manuel Cabrera Delgado; suplete Vargas Carballo Rigoberto.
264 #1 - PRODUCCIÓN, PUBLICACIÓN, DISTRIBUCIÓN, FABRICACIÓN Y COPYRIGHT
Producción, publicación, distribución, fabricación y copyright Chapingo, México :
Nombre del de productor, editor, distribuidor, fabricante El autor,
Fecha de producción, publicación, distribución, fabricación o copyright 2024.
300 ## - DESCRIPCIÓN FÍSICA
Extensión 1 recurso en línea (63 páginas):
Otras características físicas cuadros, figuras.
336 ## - TIPO DE CONTENIDO
Fuente rdacontent
Término de tipo de contenido texto
Código de tipo de contenido txt
337 ## - TIPO DE MEDIO
Fuente rdamedia
Nombre/término del tipo de medio computadora
Código del tipo de medio c
338 ## - TIPO DE SOPORTE
Fuente rdacarrier
Nombre/término del tipo de soporte recurso en línea
Código del tipo de soporte cr
502 ## - NOTA DE TESIS
Tipo de título Ingeniería Forestal
Nombre de la institución que otorga el título División de Ciencias Forestales,
Año de obtención del título 2024.
Información miscelánea Licenciatura
504 ## - NOTA DE BIBLIOGRAFÍA, ETC.
Nota de bibliografía, etc. Incluye referencias bibliográficas: páginas 51-63.
520 ## - SUMARIO, ETC.
Sumario, etc. La identificación y selección de individuos genéticamente superiores, es el inicio y la base fundamental de un programa de mejoramiento genético forestal. El objetivo del presente estudio fue estimar la calidad genética de 64 árboles progenitores de Cedrela odorata L. a través de la evaluación del crecimiento de sus progenies. Entre los meses de febrero, marzo y abril de 2017, fue recolectado semilla botánica de 80 árboles fenotípicamente superiores de Cedrela odorata L. en la Península de Yucatán. En septiembre de 2018, fue establecido bajo un diseño de bloques completos al azar con 16 repeticiones y una planta por unidad experimental, un ensayo de progenies en el Sitio Experimental “San Felipe Bacalar”, Bacalar, Quintana Roo, conformado por 64 familias de medios hermanos. En mayo de 2022, fueron evaluadas las variables diámetro normal (dn, cm), altura total (at, m) y volumen fustal (vft, m3). A cuatro años de edad, el ensayo de progenies, presentó una supervivencia del 93%, con valores promedio de altura y diámetro normal de 4.9 m y 7.0 cm, respectivamente. Con relación a los porcentajes de supervivencia a nivel de familias, 22 registraron un 100% de supervivencia, de las cuales, 14 familias (11, 15, 16, 17, 19, 20, 21, 23, 24, 30, 31, 32, 34 y 35) corresponden a la procedencia Quintana Roo, seis familias (46, 47, 49, 50, 51 y 54) a la procedencia Campeche y dos familias (73 y 74) a la procedencia Yucatán. El análisis dasométrico demostró que la procedencia Campeche fue la que registró los mejores valores de crecimiento en las tres variables bajo estudio, seguida de las procedencias Quintana Roo y Yucatán. La prueba de rangos múltiples de Duncan (p≤0.05), corroboró que las procedencias Campeche y Quintana Roo fueron las sobresalientes en su desempeño en los crecimientos en altura y diámetro normal y las familias 24 y 25 fueron las sobresalientes en su desempeño en las tres variables de estudio con una marcada diferencia con respecto a los grupos generados. El análisis de correlación confirmó la ausencia de una correspondencia entre las dimensiones de los progenitores y la respuesta de sus descendientes, ya que la correlación existente entre ellas, fue muy baja. La heredabilidad individual y de familias estimada para la variable diámetro normal fue mayor (h2i= 0.39 y h2f = 0.12) con relación al volumen del fuste (h2i= 0.18 y h2f = 0.06) y altura (h2i= 0.10 y h2f = 0.12). La mayor heredabilidad estimada del diámetro normal sugiere que la selección de plantas a los cuatro años de edad basada en el diámetro normal es más eficiente con relación a la selección directa para mejorar el crecimiento en volumen.
650 #4 - PUNTO DE ACCESO ADICIONAL DE MATERIA--TÉRMINO DE MATERIA
Término de materia o nombre geográfico como elemento de entrada Cedrela odorata
Subdivisión general Crecimiento
9 (RLIN) 185891
650 #4 - PUNTO DE ACCESO ADICIONAL DE MATERIA--TÉRMINO DE MATERIA
Término de materia o nombre geográfico como elemento de entrada Cedrela odorata
Subdivisión general Mejoramiento genético
9 (RLIN) 185892
700 1# - PUNTO DE ACCESO ADICIONAL--NOMBRE DE PERSONA
Nombre de persona Cob Uicab, José Vidal
Término indicativo de función/relación director.
9 (RLIN) 24153
700 1# - PUNTO DE ACCESO ADICIONAL--NOMBRE DE PERSONA
Nombre de persona García Cuevas, Xavier
Término indicativo de función/relación secretario.
9 (RLIN) 45895
700 1# - PUNTO DE ACCESO ADICIONAL--NOMBRE DE PERSONA
Nombre de persona Rivera Leyva, Refugio Ramón
Término indicativo de función/relación vocal.
9 (RLIN) 190864
700 1# - PUNTO DE ACCESO ADICIONAL--NOMBRE DE PERSONA
Nombre de persona Cabrera Delgado, Jesús Manuel
Término indicativo de función/relación suplente.
9 (RLIN) 16657
700 1# - PUNTO DE ACCESO ADICIONAL--NOMBRE DE PERSONA
Nombre de persona Vargas Carballo, Rigoberto
Término indicativo de función/relación suplente.
9 (RLIN) 117985
856 ## - LOCALIZACIÓN Y ACCESO ELECTRÓNICOS
Identificador Uniforme del Recurso http://10.13.5.2/tesis/tl/1410503-4_CRUZ_LOPEZ_ESTEBAN.pdf
Nota pública DESCARGAR PDF
942 ## - ELEMENTOS DE PUNTO DE ACCESO ADICIONAL (KOHA)
Fuente del sistema de clasificación o colocación Clasificación Universidad Autónoma Chapingo
Tipo de ítem Koha Tesis digital
Holdings
Estado de retiro Estado de pérdida Fuente del sistema de clasificación o colocación Estado dañado Restricciones de uso No para préstamo Código de colección Localización permanente Ubicación/localización actual Ubicación en estantería Fecha de adquisición Total de préstamos Signatura topográfica completa Fecha visto por última vez Precio válido a partir de Tipo de ítem Koha
    Clasificación Universidad Autónoma de Chapingo   Préstamo interno   Tesis digitales de Licenciatura Biblioteca Digital Biblioteca Digital En línea 06/08/2025   Tesis digital 06/08/2025 06/08/2025 Tesis digital